| 000 | 00380pab a2200169 454500 | ||
|---|---|---|---|
| 008 | 180718b1999 xxu||||| |||| 00| 0 eng d | ||
| 100 | _aTarat, R.K. | ||
| 245 | _aNutritional aspects of edible oils | ||
| 260 | _c1999 | ||
| 300 | _ap.43-45 | ||
| 362 | _aFeb | ||
| 650 | _aNutrition | ||
| 650 | _aVegetable oil | ||
| 700 | _aSarma, B.K. | ||
| 773 | _aYojana | ||
| 909 | _a40023 | ||
| 999 |
_c40023 _d40023 |
||